000
00440nam a2200157Ia 4500
005
20260121165312.0
008
260121s9999 xx 000 0 und d
041
_a
mar
082
_a
920.72
100
_a
रावळ, सुवर्णा
245
_a
मातोश्री रमाबाई
250
_a
1
260
_b
भारतीय विचार साधना पुणे
_c
2021
300
_a
32
650
_a
Genral
999
_c
369992
_d
369992